| 000 | 01438nam2a2200349 4500 | ||
|---|---|---|---|
| 001 | RU\NLR\DIGIT\32807 | ||
| 005 | 20250806203146.0 | ||
| 035 | _a(NLR Aleph) 010121819 | ||
| 090 |
_a20185 _c20185 |
||
| 100 | _a20250806 rusy50 | ||
| 101 | 0 | _arus | |
| 102 | _aRU | ||
| 135 | _acrbn 001aaada | ||
| 200 | 1 | _a1941, № 49(1621) (6 сент.) | |
| 210 |
_eТип. изд-ва "Вперед" _d1941 |
||
| 215 | _a4 с. | ||
| 325 | _aKauchuk_1941_N049 | ||
| 325 | _aКопия доступна в Электрон. б-ке РНБ http://vivaldi.nlr.ru/pn000004540/view | ||
| 461 | 0 |
_1001RU\NLR\DIGIT\31354 _12001#$aКаучук$eОрган бюро парторганизации, завкома и дирекции завода СК-2 им. С.М. Кирова$v1941, № 49(1621) (6 сент.) _1210##$aВоронеж$d1941 |
|
| 700 | 1 |
_aМилов _bА.М. _4340 |
|
| 801 | 2 |
_aRU _bNLR _c20110707 _2rusmarc |
|
| 852 |
_aNLR _jР 19316 |
||
| 856 | 0 | _uhttp://vivaldi.nlr.ru/pn000004540/view | |
| 856 | 1 | _uhttp://vivaldi.nlr.ru/pn000004540/cover | |
| 856 | 2 | _uhttp://vivaldi.nlr.ru/pn000004540/text | |
| 942 | _cISSNP | ||
| 945 | _aРоссийская национальная библиотека | ||
| 980 | _aNB | ||
| 980 | _aBV | ||
| 981 | 3 | 6 | _a(36) Цифровой репозиторий РНБ |
| 981 | 2 | 7 |
_a(27) Периодические издания _b(27) Газеты |